000 01141nam a22003017a 4500
001 114157
003 DR-UNIBE
005 20251205062552.0
008 251015b2024 dr ||||| |||| 00| 1 spa d
020 _a9789945931631
040 _aBIBLIOTECA UNIBE
_bspa
_cBIBLIOTECA UNIBE
_erda
041 _aspa
090 _aFBIU-BP CI V632a
100 1 0 _aVicens, Laura
_9199805
_eautor
245 _aAhorrar es crear /
_cLaura Vicens; ilustraciones: Karla Peña ; soporte gráfico: Hansel Durán
250 _aPrimera edición
260 _aSanto Domingo:
_bBanco Popular,
_c2014
300 _a58 páginas :
_bilustraciones a color ;
_c24 x 16 cm
490 _aAventura financiera
500 _aComentario de la obra en la contraportada. 10 consejos del Banco Popular para aprender sobre el dinero al final de la obra
653 7 _aCuentos infantiles dominicanos
653 7 _aLiteratura infantil dominicana
653 7 _aAhorros - Cuentos infantiles dominicanos
653 7 _aSueños - Cuentos infantiles dominicanos
700 0 _aPeña, Karla
_eautor
_9115283
700 1 0 _aDurán, Hansel
_9199806
_esoporte gráfico
942 _2ddc
_cBK
999 _c114157
_d114157